Instituciones y juventud: una relación transformadora en la crisis

Guardado en:
Bibliografiske detaljer
Hovedforfatter: Pérez Islas, José Antonio
Format: Texto
Udgivet: México D.F.: s.e.
Tags: Tilføj Tag
Ingen Tags, Vær først til at tagge denne postø!

MARC

LEADER 00000 a a2200000 04500
001 24035
003
040
090 |a 170500  
100 |a Pérez Islas, José Antonio  
245 |a Instituciones y juventud: una relación transformadora en la crisis  
260 |a México D.F.:   |b s.e.  
300 |a 8 p.  
999 |c 14251  |d 14251